[Event "8th Neckar Open"]
[Site "Deizisau GER"]
[Date "2004.04.11"]
[Round "7"]
[White "Pavasovic,D"]
[Black "Papa,S"]
[Result "1/2-1/2"]
[WhiteElo "2615"]
[BlackElo "2399"]

1.e4 c5 2.c3 Nf6 3.e5 Nd5 4.Nf3 e6 5.d4 cxd4 6.cxd4 d6 7.Bc4 Nb6 8.Bb3 dxe5
9.Nxe5 Nc6 10.Nxc6 bxc6 11.O-O Be7 12.Nc3 O-O 13.Bf4 Ba6 14.Re1 Bc4 15.Bxc4 Nxc4
16.Qc2 Nb6 17.Be5 Rc8 18.Rad1 Nd5 19.Na4 Nb6 20.Nc5 Qd5 21.b3 Rfd8 22.h3 Nd7
23.b4 a5 24.bxa5 Bxc5 25.dxc5 Qxc5 26.Qxc5 Nxc5 27.Rxd8+ Rxd8 28.Rc1 Rd5
29.a6 Nxa6 30.Rxc6 f6 31.Bd6 Ra5 32.Rc8+ Kf7 33.a3 e5 34.Ra8 Ke6 35.Bb4 Ra4
36.Ra7 h5 37.Kf1 g5 38.Ke2 Kf5 39.Kd2 Rxb4 40.axb4 Nxb4 41.Ra4 Nd5 42.g4+ Kg6
43.Ra3 h4 44.Kd3 Nf4+ 45.Ke4 Ne6 46.Kd5 Nf4+ 47.Ke4 Ne6 48.Kd5 Nf4+ 49.Ke4 Ne6
50.Rc3 Nf4 51.Rb3 Ne6 52.Kd5 Nf4+ 53.Kd6 Kf7 54.Ra3 Ke8 55.Ra7 Kf8 56.Ra3 Kf7  1/2-1/2

[Event "ACP Blitz Prelim2"]
[Site "playchess.com INT"]
[Date "2004.04.13"]
[Round "5"]
[White "Godena,M"]
[Black "Erenburg,S"]
[Result "1/2-1/2"]
[WhiteElo "2533"]
[BlackElo "2513"]

1.e4 c5 2.c3 Nf6 3.e5 Nd5 4.Nf3 Nc6 5.d4 cxd4 6.cxd4 d6 7.Bc4 e6 8.O-O Be7
9.Qe2 O-O 10.Rd1 Qc7 11.Bd2 Bd7 12.Nc3 Nxc3 13.Bxc3 dxe5 14.dxe5 Rfd8 15.Qe4 Be8
16.h4 Rxd1+ 17.Rxd1 Rd8 18.Re1 Nb4 19.Ng5 Bxg5 20.hxg5 Nd5 21.Bxd5 Rxd5 22.Bb4 Qb6
23.Ba3 Bc6 24.Qh4 Rd4 25.Qg3 Qa5 26.f3 Qd5 27.Qf2 Rd2 28.Re2 Rd1+ 29.Re1 Rd2
30.Re2 Rxe2 31.Qxe2 Qxa2 32.Qe3 b6 33.Qc3 Qd5 34.Qb4 Qd8 35.Kf2 Bd5 36.Qd6 Qc8
37.Kg3 Bc6 38.Qe7 a5 39.Qd6 b5 40.Bc5 Qa8 41.Bb6 a4 42.Bc5 Qc8 43.Bb4 Bd5
44.Qe7 Bc6 45.Qd6 Qe8 46.Qc5 h6 47.gxh6 gxh6 48.Qc1 Kh7 49.Qf4 Qg8+ 50.Kf2 Qg6
51.Bd2 Bd5 52.Qe3 Bc4 53.Qf4 Bd5 54.Qe3 Bc4 55.Qf4 Kg7 56.Qe3 Bd5 57.Qf4 Bc4
58.Qe4 Qxe4 59.fxe4 Kg6 60.Kg3 Bd3 61.Kf4 Kh5 62.Be1 Kg6 63.Bd2 f6 64.exf6 Kxf6
65.e5+ Kg6 66.g3 Bc4 67.Bb4 Kh5 68.Be7 Kg6 69.Bb4 Kf7 70.Ba3 Ke8 71.Bb4 Kd7
72.Ke3 Kc6 73.Kd4 Be2 74.Bf8 h5 75.Bb4 Bg4 76.Bf8 Kd7 77.Bb4 Ke8 78.Ke3 Kf7
79.Kf4 Kg6 80.Bc5 Kf7 81.Bb4 Kg6 82.Bc5 Kf7 83.Bb4  1/2-1/2

[Event "ACP Blitz Prelim2"]
[Site "playchess.com INT"]
[Date "2004.04.13"]
[Round "7"]
[White "Godena,M"]
[Black "Vescovi,G"]
[Result "1-0"]
[WhiteElo "2533"]
[BlackElo "2648"]

1.e4 c5 2.c3 Nf6 3.e5 Nd5 4.Nf3 e6 5.d4 cxd4 6.cxd4 d6 7.Bc4 Nc6 8.O-O Be7
9.Qe2 O-O 10.Nc3 Nxc3 11.bxc3 dxe5 12.dxe5 Qa5 13.Rb1 a6 14.Re1 Rd8 15.Qe4 g6
16.Bh6 Bf8 17.Bxf8 Rxf8 18.Qf4 f5 19.exf6 Qxc3 20.Ne5 Nxe5 21.Rxe5 Rf7 22.Rd1 Bd7
23.Re3 Qc2 24.Red3 Rc8 25.Bxe6 Bxe6 26.Rd8+ Rf8 27.Qh6 Qc7 28.Qxf8+  1-0

[Event "ACP Blitz Prelim2"]
[Site "playchess.com INT"]
[Date "2004.04.13"]
[Round "12"]
[White "Godena,M"]
[Black "Shomoev,A"]
[Result "1-0"]
[WhiteElo "2533"]
[BlackElo "2487"]

1.e4 c5 2.c3 Nf6 3.e5 Nd5 4.Nf3 Nc6 5.d4 cxd4 6.cxd4 d6 7.Bc4 Nb6 8.Bb5 dxe5
9.Nxe5 Bd7 10.Nxd7 Qxd7 11.Nc3 e6 12.O-O Be7 13.Qg4 O-O 14.Bxc6 bxc6 15.Bh6 Bf6
16.Rfd1 Rfd8 17.Ne4 Qe7 18.h4 Rd5 19.Rac1 Rc8 20.Rc3 Kh8 21.Rf3 Rxd4 22.Rxd4 Bxd4
23.Ng5 Bf6 24.Bxg7+ Bxg7 25.Nxf7+ Kg8 26.Nh6+ Kh8 27.Nf7+ Kg8 28.Nh6+ Kh8
29.Rf7 Qf8 30.Rxf8+ Rxf8 31.Qxe6 Bxb2 32.Qe7 Rf6 33.Qe8+ Kg7 34.Qg8+ Kxh6
35.Qg5+  1-0

[Event "ACP Blitz Prelim2"]
[Site "playchess.com INT"]
[Date "2004.04.13"]
[Round "14"]
[White "Godena,M"]
[Black "Ghaem Maghami,E"]
[Result "0-1"]
[WhiteElo "2533"]
[BlackElo "2558"]

1.e4 c5 2.c3 Nf6 3.e5 Nd5 4.Nf3 e6 5.d4 cxd4 6.cxd4 d6 7.Bc4 Nc6 8.O-O Be7
9.Qe2 O-O 10.Rd1 Na5 11.Bd3 Nb4 12.exd6 Qxd6 13.Be4 f5 14.Bd3 Nxd3 15.Qxd3 Nc6
16.Nc3 Bf6 17.Bg5 Bxg5 18.Nxg5 Qf4 19.Nf3 Bd7 20.d5 Nb4 21.Qe2 Nxd5 22.Nxd5 exd5
23.Rxd5 Rfe8 24.Qd3 Be6 25.Rd4 Qh6 26.Rd1 Rac8 27.h4 Bxa2 28.b3 Qb6 29.Qxf5 Bxb3
30.Rd6 Qc5 31.Qxc5 Rxc5 32.Rb1 Rd5 33.Rxd5 Bxd5 34.Nd4 Rd8 35.Nf5 Be4 36.Ne7+ Kf7
37.Re1 Bd3 38.Re3 a5 39.g4 a4 40.Nf5 a3 41.Re7+ Kf6 42.Rxb7 Bxf5 43.gxf5 Rd1+
44.Kg2 a2 45.Rb6+ Kxf5  0-1

[Event "ch-city"]
[Site "Berlin GER"]
[Date "2004.04.15"]
[Round "7"]
[White "Dauth,B"]
[Black "Held,Pe"]
[Result "1-0"]
[WhiteElo "2281"]
[BlackElo "2158"]

1.e4 c5 2.c3 Nf6 3.e5 Nd5 4.d4 cxd4 5.cxd4 d6 6.f4 Nc6 7.Nc3 dxe5 8.fxe5 Bf5
9.Bb5 Nb4 10.d5 a6 11.Ba4 b5 12.dxc6 bxa4 13.Qxa4 Nc2+ 14.Kf2 Nxa1 15.Nf3 Qb6+
16.Kg3 Rc8 17.Nd4 g6 18.Bf4 Bg7 19.Nxf5 gxf5 20.c7+ Kf8 21.Nd5 Qe6 22.Rxa1 Bxe5
23.Rd1 Bxf4+ 24.Qxf4 Rg8+ 25.Kf2 Rg4 26.Qd2 Qd6 27.Qc3 Qxh2 28.Ne3 Rf4+ 29.Ke2 Qh5+
30.Ke1 Qh4+ 31.Kd2 Rd4+ 32.Ke2 e5 33.Qc5+ Kg8 34.Qxe5 Rxd1 35.Kxd1 Qa4+ 36.Ke1 Re8
37.Qg3+ Qg4 38.Qxg4+ fxg4 39.Kf2 g3+ 40.Kf3 h5 41.Nf5  1-0

[Event "2nd Nabokov Mem"]
[Site "Kiev UKR"]
[Date "2004.04.15"]
[Round "4"]
[White "Goreskul,A"]
[Black "Stopkin,V"]
[Result "1/2-1/2"]
[WhiteElo "2244"]
[BlackElo "2229"]

1.e4 c5 2.c3 Nf6 3.e5 Nd5 4.g3 d6 5.exd6 Qxd6 6.Bg2 Nc6 7.Na3 Nc7 8.Nc4 Qd3
9.Qe2 Qxe2+ 10.Nxe2 g6 11.d4 cxd4 12.Nxd4 Nxd4 13.cxd4 Be6 14.Na5 Bd5 15.Bxd5 Nxd5
16.Nxb7 Bg7 17.O-O O-O 18.Na5 Rfc8 19.Nb3 a5 20.Rd1 a4 21.Nd2 Rc2 22.Nf3 a3
23.bxa3 Nc3 24.Re1 Ne2+ 25.Kg2 Nxd4 26.Rb1 Ne2 27.Bd2 Nd4 28.Bb4 Rxa2 29.Rxe7 Nc2
30.Rb3 Bf6 31.Rd7 Nxa3 32.Bxa3 R2xa3 33.Rbb7 Rf8  1/2-1/2

[Event "Constantin Ungureanu Mem"]
[Site "Bucharest ROM"]
[Date "2004.04.16"]
[Round "2"]
[White "Grigore,N"]
[Black "Lupulescu,C"]
[Result "0-1"]
[WhiteElo "2361"]
[BlackElo "2556"]

1.e4 c5 2.c3 Nf6 3.e5 Nd5 4.d4 cxd4 5.Nf3 e6 6.cxd4 d6 7.Bc4 Nc6 8.O-O Be7
9.Qe2 O-O 10.Nc3 Nxc3 11.bxc3 dxe5 12.dxe5 Qa5 13.Bd3 Rd8 14.Rb1 Qxc3 15.Rb3 Qa5
16.Ng5 g6 17.Nf3 b6 18.Qe4 Bb7 19.Rb5 Qxa2 20.Bg5 Qa3 21.Qh4 Rxd3 22.Bf6 Rxf3  0-1

[Event "2nd Nabokov Mem"]
[Site "Kiev UKR"]
[Date "2004.04.18"]
[Round "8"]
[White "Solomaha,A"]
[Black "Stopkin,V"]
[Result "1/2-1/2"]
[WhiteElo "2384"]
[BlackElo "2229"]

1.e4 c5 2.c3 Nf6 3.e5 Nd5 4.Nf3 Nc6 5.d4 cxd4 6.cxd4 d6 7.Bc4 Nb6 8.Bb5 dxe5
9.Nxe5 Bd7 10.Nxd7 Qxd7 11.O-O e6 12.Nc3 Be7 13.Qg4 O-O 14.Be3 Rfd8 15.Rad1 Rac8
16.Qh3 Nd5 17.Ne4 Qc7 18.a3 a6 19.Ba4 Qa5 20.Bc2 Nxd4 21.Ng5 h6 22.Bh7+ Kf8
23.Nxf7 Ne2+ 24.Kh1 Ndf4 25.Bxf4 Nxf4 26.Qf3 Kxf7 27.Qxf4+ Bf6 28.Qe4 Qb6
29.b4 Qc6 30.Qg4 Rxd1 31.Rxd1 Rd8 32.Re1 b6 33.Bg6+ Kf8 34.h3 Rd6 35.Bb1 Qc3
36.Qe2 Qd2 37.Qxd2 Rxd2 38.Bg6  1/2-1/2

[Event "7th St Quentin Open"]
[Site "Elancourt FRA"]
[Date "2004.04.22"]
[Round "6"]
[White "Glod,P"]
[Black "Fedorchuk,S"]
[Result "0-1"]
[WhiteElo "2157"]
[BlackElo "2569"]

1.e4 c5 2.c3 Nf6 3.e5 Nd5 4.d4 cxd4 5.Nf3 Nc6 6.Bc4 Nb6 7.Bb3 g6 8.cxd4 Bg7
9.Bf4 d6 10.O-O O-O 11.h3 Na5 12.exd6 exd6 13.Nc3 Re8 14.Bc2 Bd7 15.Re1 Nc6
16.Rxe8+ Bxe8 17.Rc1 h6 18.Bb3 Qf6 19.Be3 Bd7 20.a3 Qf5 21.Ba2 Re8 22.Bb1 Qf6
23.Ba2 Qd8 24.b4 Ne7 25.Bf4 Nf5 26.g4 Nh4 27.Bg3 Nxf3+ 28.Qxf3 Qf6 29.Qxf6 Bxf6
30.Nd5 Bxd4 31.Nxb6 Bxb6 32.Bd5 Re3 33.fxe3 Bxe3+ 34.Bf2 Bxc1 35.Bxb7 Bxa3
36.Bxa7 Bxb4  0-1

[Event "6th Open"]
[Site "Dubai UAE"]
[Date "2004.04.23"]
[Round "5"]
[White "Mahjoob,M"]
[Black "Miroshnichenko,E"]
[Result "0-1"]
[WhiteElo "2478"]
[BlackElo "2599"]

1.e4 c5 2.c3 Nf6 3.e5 Nd5 4.Nf3 d6 5.d4 cxd4 6.cxd4 Nc6 7.Bc4 Nb6 8.Bb5 g6
9.d5 a6 10.Bxc6+ bxc6 11.dxc6 dxe5 12.Qxd8+ Kxd8 13.Nxe5 Be6 14.O-O Rc8 15.Nc3 Bg7
16.Re1 Bxe5 17.Rxe5 Rxc6 18.Bf4 f6 19.Rd1+ Ke8 20.Ree1 Kf7 21.h3 Rhc8 22.Rd4 Nc4
23.Bc1 h5 24.Red1 Na3 25.Rd8 Rxd8 26.Rxd8 Nb1 27.Bh6 g5 28.Nxb1 Rc1+ 29.Kh2 Bxa2
30.h4 gxh4 31.Be3 Kg6 32.Bc5 Bd5 33.Kh3 Rh1+  0-1

[Event "TCh-RUS 1st Liga"]
[Site "Sochi RUS"]
[Date "2004.04.23"]
[Round "4"]
[White "Pogosian,G"]
[Black "Slugin,S"]
[Result "1/2-1/2"]
[WhiteElo "2240"]
[BlackElo "2348"]

1.e4 c5 2.c3 Nf6 3.e5 Nd5 4.d4 cxd4 5.Nf3 Nc6 6.Bc4 Nb6 7.Bb3 d5 8.exd6 Qxd6
9.O-O Be6 10.Na3 dxc3 11.Nb5 Qxd1 12.Rxd1 Rc8 13.Bxe6 fxe6 14.bxc3 Nc4 15.Nbd4 e5
16.Ne6 h6 17.Nc5 b6 18.Ne4 e6 19.Nfd2 N6a5 20.Kf1 Bc5 21.Nb3 Nb7 22.Ke2 Ke7
23.Bd2 Rhd8 24.Be1 Rd5 25.Rd3 Nbd6 26.Nbd2 Rxd3 27.Kxd3 Nxe4 28.Nxe4 Nd6
29.f3 Rd8 30.Nxc5 Nb7+ 31.Kc4 Nxc5 32.a4 Rc8 33.Kb5 e4 34.a5 Nb3 35.Ra4 exf3
36.axb6 axb6 37.gxf3 Nc5 38.Ra7+ Nd7 39.Bd2 Rc5+ 40.Kb4 Rh5 41.c4 Rxh2 42.Bc3 g5
43.Kb5 Rc2 44.Bb4+ Ke8 45.Ra8+ Kf7 46.Ra7 Ke8  1/2-1/2

[Event "TCh-RUS 1st Liga"]
[Site "Sochi RUS"]
[Date "2004.04.23"]
[Round "4"]
[White "Kostin,Alexe"]
[Black "Krutko,A"]
[Result "1-0"]
[WhiteElo "2385"]
[BlackElo "2324"]

1.e4 c5 2.c3 Nf6 3.e5 Nd5 4.d4 cxd4 5.Qxd4 e6 6.Nf3 Nc6 7.Qe4 d6 8.c4 Nde7
9.exd6 Qxd6 10.Be2 e5 11.O-O Bf5 12.Qh4 Ng6 13.Qh5 Qd7 14.Rd1 Bg4 15.Qg5 Nd4
16.Qe3 Nxe2+ 17.Qxe2 Qc6 18.Nc3 f6 19.Nd5 Nh4 20.Qe4 Nxf3+ 21.gxf3 Bh5 22.Be3 Kf7
23.Rd2 Bg6 24.Qh4 Bc5 25.Rad1 Rad8 26.b3 Rd7 27.f4 Re8 28.Qg4 Bxe3 29.fxe3 Qe6
30.Qf3 Red8 31.Re2 Qf5 32.Rg2 Bh5 33.Qg3 Bxd1 34.Qxg7+ Ke6 35.Qh6 Bg4 36.e4 Qg6
37.f5+ Bxf5 38.Rxg6 Bxg6 39.Qh4 Rf8 40.Qh3+ f5 41.Kf2 Kd6 42.c5+ Kc6 43.Ke1 Rfd8
44.Nb4+ Kc7 45.exf5 Bf7 46.c6 bxc6 47.Qc3 Rd6 48.Na6+ Kb7 49.Nc5+ Ka8 50.Qa5 Rc8
51.Qb4 Rb8 52.Qh4 Bd5 53.Qe7 Rdd8 54.Na6 Rbc8 55.f6 Rf8 56.Qxe5 Rf7 57.Kd2 Kb7
58.Nc5+ Ka8 59.Qd6 Re8 60.a4 Ref8 61.Nd7 Re8 62.b4 Kb7 63.Ne5 Re6 64.Nxf7 Rxd6
65.Nxd6+ Kc7 66.f7  1-0

[Event "4th Gold Cup"]
[Site "Szombathely HUN"]
[Date "2004.04.25"]
[Round "7"]
[White "Muzychuk,A"]
[Black "Lakos,N"]
[Result "1/2-1/2"]
[WhiteElo "2387"]
[BlackElo "2379"]

1.e4 c5 2.c3 Nf6 3.e5 Nd5 4.g3 d6 5.exd6 e6 6.Bg2 Bxd6 7.Nf3 Nc6 8.O-O O-O
9.d4 cxd4 10.Nxd4 Nxd4 11.Qxd4 Qc7 12.Nd2 Bd7 13.Qe4 Bc6 14.Qe2 Nf6 15.Ne4 Nxe4
16.Bxe4 Rfd8 17.Bg5 Rd7 18.Bxc6 Qxc6 19.Rfd1 h6 20.Be3 a6 21.Rd2 Rad8 22.Rad1 Bc7
23.Rxd7 Rxd7 24.Rxd7 Qxd7 25.c4 e5 26.b3 f5 27.Qd2 Qxd2 28.Bxd2 g5 29.f3 Kf7
30.Kf2 Kf6 31.Bc3 Kg6 32.h3 h5 33.g4 hxg4 34.hxg4 e4 35.fxe4 fxg4 36.c5 Kf7
37.b4 Ke6 38.a4 Bf4 39.b5 axb5 40.axb5 Kd7 41.Bd4 Ke6 42.Ke2 Bb8 43.Bg1 Kd7
44.Kd3 Ke6 45.Be3 g3 46.Ke2 Ke5 47.c6 bxc6 48.bxc6 Kxe4 49.Bb6 Kd5 50.c7 Bxc7
51.Bxc7  1/2-1/2

[Event "Masters"]
[Site "Victoria AUS"]
[Date "2004.04.26"]
[Round "4"]
[White "Wang,Pu"]
[Black "Froehlich,P"]
[Result "1/2-1/2"]
[WhiteElo "2246"]
[BlackElo "2397"]

1.e4 c5 2.c3 Nf6 3.e5 Nd5 4.d4 cxd4 5.Nf3 d6 6.cxd4 Nc6 7.Bc4 Nb6 8.Bb3 dxe5
9.Nxe5 Nxe5 10.dxe5 Qxd1+ 11.Kxd1 e6 12.Nc3 Bd7 13.Ke2 Bc6 14.f3 Nd7 15.Bf4 g5
16.Be3 Nxe5 17.Bxg5 Rg8 18.h4 Bc5 19.Rh2 Be7 20.Bxe7 Kxe7 21.Rd1 Rad8 22.Rxd8 Rxd8
23.Rh1 Nd3 24.Rb1 Nf4+ 25.Kf2 Rg8 26.Rg1 Nd3+ 27.Ke3 Nxb2 28.Rb1 Rxg2 29.Ne2 Nd3
30.Kxd3 Bb5+ 31.Bc4 Bxc4+ 32.Kxc4 Rxe2 33.Rxb7+ Kf6 34.Rxa7 Re3 35.a4 Rxf3
36.a5 Ra3 37.Kb4 Ra1 38.Rc7 e5 39.Rc6+ Kf5 40.Rh6 Kg4 41.Rf6 e4 42.Rxf7 h5
43.Rg7+ Kxh4 44.Re7 Re1 45.a6 e3 46.a7 Ra1 47.Re4+ Kg5 48.Kc3 Rxa7 49.Kd3 Ra3+
50.Ke2 Ra2+ 51.Kxe3 h4 52.Kf3 h3 53.Re5+ Kg6 54.Kg3 h2 55.Re1 Kg5 56.Re5+ Kg6
57.Re1 Kf5 58.Rh1 Kg5 59.Rxh2 Rxh2 60.Kxh2  1/2-1/2

[Event "TCh-RUS 1st Liga"]
[Site "Sochi RUS"]
[Date "2004.04.28"]
[Round "9"]
[White "Pogosian,G"]
[Black "Khismatullin,D"]
[Result "1/2-1/2"]
[WhiteElo "2240"]
[BlackElo "2537"]

1.e4 c5 2.c3 Nf6 3.e5 Nd5 4.d4 cxd4 5.Nf3 Nc6 6.Bc4 Nb6 7.Bb3 g6 8.Ng5 d5
9.exd6 e6 10.Qf3 Ne5 11.Qg3 Bg7 12.O-O O-O 13.cxd4 Nc6 14.Rd1 a5 15.a4 Nd5
16.Nc3 Ncb4 17.Nge4 Bd7 18.Nxd5 Nxd5 19.Bg5 f6 20.Bd2 Re8 21.Rac1 Bc6 22.Nc5 Bf8
23.d7 Bxd7 24.Nxb7 Qb8 25.Nc5 Bxc5 26.Rxc5 Qxg3 27.hxg3 Rab8 28.Bxd5 exd5
29.Bc3 Bxa4 30.Ra1 Bb3 31.Raxa5 Re7 32.g4 Kg7 33.Ra6 h6 34.Rd6 g5 35.Rcc6 Rf7
36.Re6 Bc4 37.Rcd6 Ra8 38.Kh2 Rb8 39.Kg3 Rbb7 40.Ba5 Rb3+ 41.Bc3 Rbb7 42.Re8 Rfe7
43.Rxe7+ Rxe7 44.Rb6 Kf7 45.b3 Be2 46.Rd6 Rb7 47.Rxd5 Rxb3 48.Rc5 Rb5 49.Rc6 h5
50.gxh5 Bxh5 51.f3 Rd5 52.Kf2 g4 53.f4 Bg6 54.Ke3 Bf5 55.Rc7+ Ke6 56.Bb4 Rb5
57.Bc3 Kd6 58.Rf7 Ke6 59.Ra7 Rb3 60.Rc7 Kd6 61.Rc5 Be6 62.f5 Bd5 63.Kf4 Bxg2
64.Kxg4 Bc6 65.Kh5 Rb5 66.Rxb5 Bxb5 67.Kg6 Ke7 68.Bb4+ Ke8 69.Kxf6 Bd3 70.Ke6 Ba6
71.d5 Bc8+ 72.Kf6 Bb7 73.Ke5 Kf7 74.Bc3 Bc8 75.f6 Bh3 76.Kd6 Bg2  1/2-1/2

[Event "Mitropa Cup"]
[Site "Zemplinska Sirava SVK"]
[Date "2004.05.01"]
[Round "4"]
[White "Ragger,M"]
[Black "Sikorova,O"]
[Result "1-0"]
[WhiteElo "2365"]
[BlackElo "2275"]

1.e4 c5 2.c3 Nf6 3.e5 Nd5 4.Nf3 e6 5.d4 cxd4 6.cxd4 d6 7.Bc4 Nc6 8.O-O Be7
9.Qe2 O-O 10.Qe4 Qc7 11.a3 dxe5 12.dxe5 Nb6 13.Bd3 g6 14.Nc3 Nd7 15.Bf4 a6
16.Qe2 Rd8 17.Rac1 Qb8 18.Bg3 Ra7 19.Bb1 b6 20.Nd5 exd5 21.Rxc6 Qb7 22.Rc3 Nc5
23.Nd4 Bd7 24.e6 Nxe6 25.Be5 Bc5 26.Nf5 Bf8 27.Qd2 Bb5 28.Re1 Re8 29.Bf6 gxf5
30.Rg3+ Bg7 31.Qh6 Re7 32.Rxg7+ Kf8 33.Rg8+ Kxg8 34.Bxf5  1-0

[Event "Mitropa Cup"]
[Site "Zemplinska Sirava SVK"]
[Date "2004.05.05"]
[Round "8"]
[White "Landenbergue,C"]
[Black "Wirig,A"]
[Result "1-0"]
[WhiteElo "2394"]
[BlackElo "2422"]

1.e4 c5 2.c3 Nf6 3.e5 Nd5 4.d4 cxd4 5.cxd4 Nc6 6.Nf3 e6 7.Bc4 d6 8.O-O Be7
9.Re1 O-O 10.exd6 Qxd6 11.Nc3 Rd8 12.Bb3 Nf6 13.Be3 Nb4 14.Ne5 Nbd5 15.Bg5 Bd7
16.Qf3 Be8 17.Rad1 Rac8 18.Qh3 b5 19.Rd3 b4 20.Na4 Nd7 21.Bxe7 Nxe7 22.Nxd7 Bxd7
23.Nc5 Ng6 24.Rdd1 Re8 25.Nxd7 Qxd7 26.d5 Qb5 27.dxe6 f5 28.Rd5 Qb6 29.Rxf5 Re7
30.Rf7 Qd6 31.Qg4 Kh8 32.h4 Rg8 33.h5 Ne5 34.Rxe5 Qxe5 35.Rxe7 Qe1+ 36.Kh2 Qd2
37.Rd7 Qxb2 38.Qd4 Qe2 39.Rd8 Qxh5+ 40.Kg1  1-0

[Event "FSIM May"]
[Site "Budapest HUN"]
[Date "2004.05.06"]
[Round "6"]
[White "Simonsen,H"]
[Black "Wendt,J"]
[Result "0-1"]
[WhiteElo "2243"]
[BlackElo "2304"]

1.e4 c5 2.c3 Nf6 3.e5 Nd5 4.d4 cxd4 5.Nf3 Nc6 6.cxd4 g6 7.Qb3 e6 8.Nc3 Nxc3
9.bxc3 d6 10.Bb5 Bd7 11.d5 exd5 12.Bg5 Be7 13.Bh6 dxe5 14.Qxd5 Bf6 15.O-O Qc7
16.Rfe1 Be6 17.Qc5 O-O-O 18.Bxc6 bxc6 19.Rab1 Rd5 20.Qe3 Rhd8 21.Bg5 Bxg5
22.Nxg5 Bf5 23.Rb3 Rd1 24.Nf3 f6 25.h3 Qa5 26.g4 Rxe1+ 27.Nxe1 Be6 28.Rb2 Bxa2
29.Qf3 Rd6 30.g5 f5 31.Qe2 Bf7 32.Nf3 Rd5 33.c4 Rc5 34.Ra2 Qc7 35.Qe3 Qe7
36.Qa3 e4 37.Qxa7 Qxa7 38.Rxa7 Bxc4 39.Nd4 f4 40.h4 Bd5 41.Ne2 f3 42.Ng3 Rc1+
43.Kh2 Rc2 44.Nh1 e3 45.Re7 exf2  0-1

[Event "Capablanca Mem Premier II"]
[Site "Havana CUB"]
[Date "2004.05.08"]
[Round "3"]
[White "Rohl,J"]
[Black "Kallio,H"]
[Result "1/2-1/2"]
[WhiteElo "2388"]
[BlackElo "2484"]

1.e4 c5 2.c3 Nf6 3.e5 Nd5 4.d4 cxd4 5.Nf3 Nc6 6.Bc4 Nb6 7.Bb3 g6 8.Ng5 d5
9.exd6 e6 10.Qf3 Ne5 11.Qg3 Bg7 12.O-O Nc6 13.Rd1 h6 14.Nf3 a5 15.a4 e5 16.cxd4 exd4
17.Re1+ Kf8 18.Na3 Bf6 19.Nb5 Kg7 20.Bf4 Bf5 21.h4 Rc8 22.h5 Rf8 23.Be5 Bxe5
24.Nxe5 Qf6 25.hxg6 Bxg6 26.Ng4 Qf5 27.d7 Nxd7 28.Nd6 Qh5 29.Nxc8 Rxc8 30.Rad1 Qf5
31.Bc4 h5 32.Nh2 Nde5 33.Bb5 Rd8 34.f4 Ng4 35.Bd3 Qd7 36.Bxg6  1/2-1/2

[Event "CXSP Open"]
[Site "Sao Paulo BRA"]
[Date "2004.05.08"]
[Round "3"]
[White "Madeira,W"]
[Black "Leitao,R"]
[Result "1/2-1/2"]
[WhiteElo "2263"]
[BlackElo "2564"]

1.e4 c5 2.c3 Nf6 3.e5 Nd5 4.d4 cxd4 5.Nf3 e6 6.cxd4 d6 7.a3 Bd7 8.Bd3 Bc6
9.O-O Nd7 10.Re1 Qc7 11.b4 a6 12.Ra2 Be7 13.Rc2 O-O 14.Nc3 Nxc3 15.Rxc3 g6
16.Qd2  1/2-1/2

[Event "Karadjordje-Serbia"]
[Site "Topola SCG"]
[Date "2004.05.12"]
[Round "9"]
[White "Pavasovic,D"]
[Black "Georgiev,Ki"]
[Result "1-0"]
[WhiteElo "2591"]
[BlackElo "2637"]

1.e4 c5 2.c3 Nf6 3.e5 Nd5 4.Nf3 Nc6 5.Bc4 Nb6 6.Bb3 c4 7.Bc2 Qc7 8.Qe2 g5
9.h3 Bg7 10.O-O Nxe5 11.Nxg5 d5 12.a4 h6 13.Nf3 Nd3 14.Bxd3 cxd3 15.Qxd3 Qc4
16.Qe3 Bf5 17.Re1 e6 18.d4 Bxb1 19.a5 Qa6 20.Rxb1 Nc4 21.Qf4 Qxa5 22.b3 Qb6
23.Qg4 Bf6 24.bxc4 Qxb1 25.Ba3 h5 26.Qf4 Qg6 27.Qc7 Rg8 28.g3 Qd3 29.Qxb7 Rd8
30.Qc6+ Rd7 31.Qc8+  1-0

[Event "1st Open"]
[Site "Kranj SLO"]
[Date "2004.05.14"]
[Round "9"]
[White "Jeric,S"]
[Black "Sebenik,M"]
[Result "0-1"]
[WhiteElo "2305"]
[BlackElo "2440"]

1.e4 c5 2.c3 Nf6 3.e5 Nd5 4.d4 cxd4 5.Nf3 Nc6 6.Bc4 Nb6 7.Bb3 d6 8.exd6 Qxd6
9.Na3 dxc3 10.Qe2 Bf5 11.Nb5 Qd7 12.Ne5 Nxe5 13.Qxe5 Rc8 14.O-O Nc4 15.Bxc4 Rxc4
16.b3 f6 17.Qg3 Rg4 18.Qb8+ Kf7 19.Nxc3 Qc6 20.f3 e5 21.Be3 Qxc3 22.Qxb7+ Kg6
23.Qxa7 Rd4 24.Bxd4 Qxd4+ 25.Qxd4 exd4 26.a4 Bc2 27.a5 d3 28.a6 d2 29.a7 Bc5+
30.Kh1 Bxa7 31.Rxa7 Rd8 32.Raa1 d1=Q  0-1

[Event "CXSP Open"]
[Site "Sao Paulo BRA"]
[Date "2004.05.14"]
[Round "9"]
[White "Madeira,W"]
[Black "Vallejos,J"]
[Result "1-0"]
[WhiteElo "2263"]
[BlackElo "2064"]

1.e4 c5 2.c3 Nf6 3.e5 Ng8 4.d4 Nc6 5.Nf3 cxd4 6.cxd4 d5 7.exd6 Qxd6 8.Nc3 a6
9.d5 Ne5 10.Nxe5 Qxe5+ 11.Be3 Nf6 12.Be2 Qd6 13.O-O g6 14.Qa4+ Bd7 15.Qd4 Bf5
16.g4 Bg7 17.gxf5 gxf5 18.Bf4 Qd7 19.Be5 O-O 20.Rad1 Kh8 21.Kh1 Rg8 22.Rg1 Ng4
23.Bxg4 fxg4 24.Rxg4 f6 25.Bg3 b5 26.f3 Rac8 27.Qd3 f5 28.Rh4 Rcd8 29.Qe3 a5
30.Be5 b4 31.Qh6  1-0

[Event "22nd LIE-Open"]
[Site "Triesen LIE"]
[Date "2004.05.14"]
[Round "1"]
[White "Herold,H"]
[Black "Rotstein,A"]
[Result "0-1"]
[WhiteElo "2091"]
[BlackElo "2517"]

1.e4 c5 2.c3 Nf6 3.e5 Nd5 4.d4 cxd4 5.cxd4 d6 6.exd6 Qxd6 7.Nf3 Nc6 8.Be2 g6
9.Nc3 Bg7 10.O-O O-O 11.Bg5 h6 12.Bh4 f5 13.Bg3 Qd7 14.Rc1 Nxc3 15.bxc3 Rd8
16.Qa4 Nxd4  0-1

[Event "ch-URU"]
[Site "Montevideo URU"]
[Date "2004.05.16"]
[Round "4"]
[White "Braso,J"]
[Black "Muniz,R"]
[Result "0-1"]
[WhiteElo "2262"]
[BlackElo "2233"]

1.e4 c5 2.c3 Nf6 3.e5 Nd5 4.d4 cxd4 5.cxd4 e6 6.Nc3 Nxc3 7.bxc3 Qc7 8.Bd2 b6
9.Nf3 Bb7 10.Bd3 d6 11.O-O Nc6 12.Qa4 O-O-O 13.Bb5  0-1

[Event "Capablanca Mem Premier I"]
[Site "Havana CUB"]
[Date "2004.05.19"]
[Round "13"]
[White "Prasca,R"]
[Black "Bluvshtein,M"]
[Result "1/2-1/2"]
[WhiteElo "2362"]
[BlackElo "2463"]

1.e4 c5 2.c3 Nf6 3.e5 Nd5 4.d4 cxd4 5.cxd4 d6 6.Nf3 Nc6 7.Bc4 Nb6 8.Bb5 dxe5
9.Nxe5 Bd7 10.Nc3 Nxe5 11.dxe5 Bxb5 12.Nxb5 Qxd1+ 13.Kxd1 Nd5 14.Ke2 e6 15.Rd1 Bc5
16.Bg5 a6 17.Rxd5 exd5 18.Nc7+ Kd7 19.Nxa8 Rxa8 20.Rc1 Bd4 21.f4 f6 22.exf6 gxf6
23.Kd3 Bxb2 24.Rb1 fxg5 25.Rxb2 gxf4 26.Rxb7+ Kc6 27.Rxh7 Rg8 28.Rh6+ Kb5
29.Rd6 Kc5 30.Rxa6 Rxg2 31.Ra4 f3 32.h4 Rb2 33.Rf4 f2 34.h5 Rxa2 35.h6 Ra3+
36.Kd2 Rh3 37.Rxf2 Rxh6 38.Rf4 Kd6 39.Rg4  1/2-1/2

[Event "5th IECC"]
[Site "Antalya TUR"]
[Date "2004.05.20"]
[Round "5"]
[White "Jonkman,H"]
[Black "Karadeniz,E"]
[Result "1-0"]
[WhiteElo "2421"]
[BlackElo "2310"]

1.e4 c5 2.c3 Nf6 3.e5 Nd5 4.Nf3 e6 5.d4 cxd4 6.cxd4 d6 7.Bd3 Nc6 8.a3 Be7
9.O-O O-O 10.Qc2 h6 11.Rd1 Bd7 12.Qe2 Rc8 13.Nc3 Nxc3 14.bxc3 d5 15.Bc2 f5
16.exf6 Rxf6 17.Qd3 Qf8 18.Ne5 Nxe5 19.Qh7+ Kf7 20.dxe5 Rf5 21.Bxf5 exf5
22.Rxd5 Be6 23.Rd3 Rc4 24.Bxh6 Rh4 25.Rh3 Rg4 26.Rg3  1-0

[Event "TCh-NED"]
[Site "Enschede NED"]
[Date "2004.05.21"]
[Round "2"]
[White "Lemmers,O"]
[Black "Van Wely,L"]
[Result "0-1"]
[WhiteElo "2379"]
[BlackElo "2651"]

1.e4 c5 2.c3 Nf6 3.e5 Nd5 4.Nf3 Nc6 5.d4 cxd4 6.Bc4 Nb6 7.Bb3 d5 8.exd6 Qxd6
9.O-O Be6 10.Bxe6 Qxe6 11.Nxd4 Nxd4 12.Qxd4 Rd8 13.Qh4 Qe2 14.Bd2 Rxd2 15.Nxd2 Qxd2
16.Rfd1 Qxb2 17.a4 Nc8 18.Rab1 Qe2 19.Qd4 Nd6 20.Rxb7 f6 21.Rxa7 Ne4 22.Rd7 Kf7
23.f3 Ng5 24.a5 Ne6 25.Qd3 Qxd3 26.R7xd3 g6 27.c4 Bh6 28.a6 Ra8 29.Ra3 Bf4
30.Rb1 Bd6 31.Ra2 Ke8 32.g3 Kd7 33.Kg2 Kc6 34.a7 Nc5 35.h4 h5 36.g4 Bc7 37.Rb5 e5
38.Rb1 Bb6 39.Rb5 Rxa7 40.Rxa7 Bxa7 41.Ra5 Kb7 42.Kf1 Bb6 43.Ra2 Ne6 44.gxh5 gxh5
45.Rg2 Kc6 46.Rg8 Bd4 47.Rg6 Nf4 48.Rxf6+ Kc5 49.Ra6 Kxc4 50.Rc6+ Kd5 51.Rh6 Bc5
52.Rh7 Ke6 53.Rh6+ Kf7 54.Rh7+ Kf8 55.Ke1 Be7 56.Kd2 Bxh4 57.Ke3 Nd5+ 58.Kd3 Nf6
59.Rb7 Bg3 60.Ke2 h4 61.Kf1 h3 62.Kg1 Kg8 63.Kh1 Bf4 64.Kg1 Nh5 65.Kh1 Ng7
66.Rb8+ Kh7 67.Rb6 Nh5 68.Ra6 Kg7 69.Rb6 Bg3 70.Ra6 Nf4 71.Rd6 Kf7 72.Rh6 Nd3
73.Kg1 Nf2  0-1

[Event "TCh-NED"]
[Site "Enschede NED"]
[Date "2004.05.21"]
[Round "2"]
[White "Kroeze,F"]
[Black "Van der Wiel,J"]
[Result "1/2-1/2"]
[WhiteElo "2384"]
[BlackElo "2526"]

1.e4 c5 2.c3 Nf6 3.e5 Nd5 4.d4 cxd4 5.Nf3 Nc6 6.cxd4 d6 7.Bc4 Nb6 8.Bb5 dxe5
9.Nxe5 Bd7 10.Nxd7 Qxd7 11.Nc3 e6 12.O-O Be7 13.Qg4 O-O 14.Bxc6 bxc6 15.Bh6 Bf6
16.Rfd1 Rfd8 17.Ne4 Qe7 18.Rac1 Rac8 19.h4 Rd5 20.Rc3 Nd7 21.Rg3 g6 22.Bg5 Kg7
23.Ra3 h6  1/2-1/2

[Event "TCh-SCG"]
[Site "Petrovac SCG"]
[Date "2004.05.22"]
[Round "7"]
[White "Markovic,Miros"]
[Black "Damljanovic,B"]
[Result "1/2-1/2"]
[WhiteElo "2550"]
[BlackElo "2583"]

1.e4 c5 2.c3 Nf6 3.e5 Nd5 4.Nf3 Nc6 5.Bc4 Nb6 6.Bb3 c4 7.Bc2 Qc7 8.Qe2 g5
9.e6 dxe6 10.Nxg5 Qe5 11.d4 cxd3 12.Bxd3 Qxe2+ 13.Bxe2 h6 14.Ne4 Rg8 15.Na3 a6
16.O-O e5 17.Rd1 Bh3 18.g3 Nd7 19.Nc4 O-O-O 20.Be3 Bg4 21.f3 Be6 22.Nb6+ Kc7
23.Nxd7 Bxd7 24.Bc4 e6 25.Nf6 Rg6 26.Nxd7 Rxd7 27.Bb6+ Kc8 28.Rxd7 Kxd7 29.Rd1+ Kc8
30.b4 Be7 31.a4 Bd8 32.Be3 h5 33.b5 axb5 34.axb5 Nb8 35.Bd3 f5 36.c4 h4 37.Kf2 hxg3+
38.hxg3 Nd7 39.c5 Bg5 40.Bxg5 Rxg5 41.b6 f4 42.Be4 fxg3+ 43.Kg2 Nf6 44.c6 Nd5
45.Bxd5 exd5 46.cxb7+  1/2-1/2